Cambiar las empresas desde adentro (Registro nro. 321954)

Detalles MARC
000 -ENCABEZADO
Número de control [NR] 01011nam a2200241 4500
005 - FECHA Y HORA DE LA ÚLTIMA TRANSACCIÓN
control field 20221212114529.0
008 - DE LONGITUD FIJA DE DATOS DE ELEMENTOS - INFORMACIÓN GENERAL
Elementos de longitud fija [NR] 221212s2019 ck |||gr|||| 00| 0 spa d
020 ## - NUMERO INTERNACIONAL NORMALIZADO PARA LIBROS [R]
Número Internacional Normalizado del libro [NR] 9789588988337
040 ## - FUENTE DE CATALOGACION [NR]
Agencia de catalogación original [NR] CO-BoUCM
Idioma de catalogación [NR] spa
Quien Cataloga Deissy Garcia
Quien Clasifica Deissy Garcia
041 1# - CODIGO DE IDIOMA [R]
Código de idioma para texto/pista de sonido o título separado [R] Español
Language code of original and/or intermediate translations of text eng
100 1# - ASIENTO PRINCIPAL--NOMBRE PERSONAL [NR]
ID Autoridad 176438
Nombre personal [NR] Mohin, Thimoty J.
245 10 - MENCION DE TITULO [NR]
Título [NR] Cambiar las empresas desde adentro
Parte restante del título [NR] la guía de una ecologista para trabajar en corporaciones
Mención de responsabilidad, etc. [NR] Thimoty J. Mohin ; traducción Erika Tanács
260 ## - PUBLICACION, DISTRIBUCION, ETC. (PIE DE IMPRENTA) [R]
Lugar de publicación, distribución, etc. [R] Bogotá
Nombre del editor, distribuidor, etc. [R] Colegio de Estudios Superiores de Administración CESA
Fecha de publicación, distribución, etc. [R] 2019
300 ## - DESCRIPCION FISICA [R]
Extensión [R] 274 páginas
504 ## - NOTA DE BIBLIOGRAFIA, ETC. [R]
Nota de bibliografía, etc. [NR] Incluye referencias bibliográficas
650 #7 - ASIENTO SECUNDARIO DE MATERIA - TERMINO TEMATICO [R]
9 (RLIN) 23694
Término temático o nombre geográfico como elemento de entrada [NR] Responsabilidad social de los negocios
650 #7 - ASIENTO SECUNDARIO DE MATERIA - TERMINO TEMATICO [R]
9 (RLIN) 23691
Término temático o nombre geográfico como elemento de entrada [NR] Responsabilidad por el medio ambiente
650 #7 - ASIENTO SECUNDARIO DE MATERIA - TERMINO TEMATICO [R]
9 (RLIN) 10081
Término temático o nombre geográfico como elemento de entrada [NR] Bienestar social
650 #7 - ASIENTO SECUNDARIO DE MATERIA - TERMINO TEMATICO [R]
9 (RLIN) 7898
Término temático o nombre geográfico como elemento de entrada [NR] Participación en la administración de empresas
700 ## - ASIENTO SECUNDARIO - NOMBRE PERSONAL [R]
9 (RLIN) 74998
Nombre personal [NR] Tanács, Erika
Término de relación [R] traductor
942 ## - ELEMENTOS DE ENTRADA AGREGADOS (KOHA)
Sistema de clasificación DEWEY
Tipo de ítem principal el descrito en 300a Libro
Tema principal Administración
Edición 1
Clasificación 658.408
Parte restante de la signatura top. M697c
Título oculto en OPAC No
Existencias
Signatura topográfica Código de barras Última vez visto Ejemplar Costo de reposición Price effective from Tipo de ítem Perdido Sistema de clasificación Dañado No prestable Tipo de ítem específico Suprimido Ubicación habitual Ubicación actual Localización Fecha de creación Forma de adquisición Costo
658.408 M697c 100170483 04/12/2025 Ej.1 26000.00 12/12/2022 Libro   DEWEY     Libro   Claustro Bodega 4to piso 12/12/2022 Donación 0.00